000 01306nam a2200265 a 4500
001 78493
003 BD-RjUL
005 20211209083133.0
008 210928s1962 ii a|||| |||| 00| 0 ben d
035 _a(BD-RjUL)78719
040 _aBD-RjUL
_bben
_cBD-RjUL
041 _aben
082 _223
_a954.147
_bGHS 1962
100 1 _aঘোষ, বিনয়
_9170375
245 1 0 _aসুতানুটি সমাচার /
_cবিনয় ঘোষ.
250 _a১ম সং.
260 _aকলিকাতা :
_bবাক্ সাহিত্য,
_c১৯৬২
300 _a৩৭৫ পৃ. :
_bচিত্র ;
_c২২ সেমি.
500 _a"উইলিয়াম হিকি, এলিজা ফে, ফ্যানি পার্কস ও ভিকতর জ্যাকমোর স্মৃতিকথা ও ভ্রমণকাহিনী অবলম্বনে রচিত, ১৭৭৫-১৮৩০ খ্রীষ্টাব্দ"
651 _aভারত
_zকলিকাতা
_xইতিহাস
_9193786
651 _aIndia
_zCalcutta
_xHistory
_9193787
651 _aভারত
_zকলিকাতা
_xবর্ণনা এবং ভ্রমণ
_9248591
651 _aIndia
_zCalcutta
_xDescription and travel.
_9248592
942 _2ddc
_cRAR
999 _c78493
_d78493